000 00921nam2a22002411 4500
001 rc\761238
005 20250621233138.0
035 _a(NLR Aleph) 005977600
090 _a6994800
_c6994800
100 _a20040301d1985 |||y0rusy50 ca
101 0 _arus
102 _aRU
105 _ay |||||||||
200 0 _a... за 1982-1985 (1 кв.) гг.
_f[ Сост. С.Д. Дружкина ]
210 _d1985
_aБ. м.
215 _a55 с.
225 1 _a...
_v19-4-85
461 0 _1001rc\1188762
_12001#$aМостовые краны$eАннот. указ. отеч. и иностр. лит....$v... за 1982-1985 (1 кв.) гг.
_96958178
_cМ.
_d1985
_nЦНИИТЭИтяжмаш
_oАннот. указ. отеч. и иностр. лит....
_tМостовые краны
_v... за 1982-1985 (1 кв.) гг.
801 0 _aRU
_bNLR
_gpsbo
801 1 _aRU
_bELAR
_2rusmarc
852 _aNLR
_bС
_jК-2/2882
942 _cBOOK
980 _aNB